An introduction to empire in the New Testament/ (Registro nro. 14655)

Detalles MARC
000 -LEADER
campo de control de longitud fija 03135cam a22005054i 4500
003 - IDENTIFICADOR DE NÚMERO DE CONTROL
campo de control PE-LiUPU
005 - FECHA Y HORA DE LA ÚLTIMA TRANSACCIÓN
campo de control 20250731172901.0
008 - DATOS DE LONGITUD FIJA--INFORMACIÓN GENERAL
campo de control de longitud fija 170110s2016 xxu rb 001 0 eng d
020 ## - NÚMERO INTERNACIONAL ESTÁNDAR DEL LIBRO
Número Internacional Estándar del Libro 1628371331
020 ## - NÚMERO INTERNACIONAL ESTÁNDAR DEL LIBRO
Número Internacional Estándar del Libro 9781628371338
035 ## - NÚMERO DE CONTROL DEL SISTEMA
Número de control de sistema (Sirsi) a165919
040 ## - FUENTE DE CATALOGACIÓN
Centro catalogador/agencia de origen PE-LiUPU
Lengua de catalogación spa
Centro/agencia transcriptor PE-LiUPU
Normas de descripción rda
049 ## - FONDOS LOCALES (OCLC)
Biblioteca depositaria PRUA
082 04 - NÚMERO DE LA CLASIFICACIÓN DECIMAL DEWEY
Número de clasificación 225.67
Cutter A5
Número de edición 23
245 03 - MENCIÓN DEL TÍTULO
Título An introduction to empire in the New Testament/
Mención de responsabilidad, etc. edited by Adam Winn.
264 #1 - PRODUCCIÓN, PUBLICACIÓN, DISTRIBUCIÓN, FABRICACIÓN Y COPYRIGHT
Producción, publicación, distribución, fabricación y copyright Atlanta :
Nombre del de productor, editor, distribuidor, fabricante SBL Press,
Fecha de producción, publicación, distribución, fabricación o copyright 2016.
300 ## - DESCRIPCIÓN FÍSICA
Extensión 348 páginas ;
Dimensiones 23 centimetros.
336 ## - TIPO DE CONTENIDO
Término de tipo de contenido text
Fuente rdacontent
337 ## - TIPO DE MEDIO
Nombre/término del tipo de medio unmediated
Fuente rdamedia
338 ## - TIPO DE SOPORTE
Nombre/término del tipo de soporte volume
Fuente rdacarrier
490 0# - MENCIÓN DE SERIE
Mención de serie Resources for biblical study ;
Designación de volumen o secuencia Number 84
504 ## - NOTA DE BIBLIOGRAFÍA, ETC.
Nota de bibliografía, etc. Bibliografía : páginas 297-319.
504 ## - NOTA DE BIBLIOGRAFÍA, ETC.
Nota de bibliografía, etc. Índices: páginas 249-348.
505 0# - NOTA DE CONTENIDO CON FORMATO
Nota de contenido con formato tStriking back at the empire: empire theory and responses to empire in the New Testament /
Mención de responsabilidad Adam Winn --
Título Peace, security, and propaganda: advertisement and reality in the early Roman Empire /
Mención de responsabilidad Bruce W. Longenecker --
Título Jesus-in-Movement and the Roman imperial (dis)order /
Mención de responsabilidad Richard A. Horsley --
Título An imperial-critical reading of Matthew /
Mención de responsabilidad Warren Carter --The Gospel of Mark: a response to imperial propaganda /
-- Adam Winn --
Título Crafting colonial identities: hybridity and the Roman Empire in Luke-Acts /
Mención de responsabilidad Eric D. Barreto --
Título The fourth gospel, romanization, and the role of women /
Mención de responsabilidad Beth M. Sheppard --
Título Paul and Empire 1: Romans, 1 Corinthians, 2 Corinthians /
Mención de responsabilidad Neil Elliot -- Paul and empire 2: negotiating the seduction of imperial "peace and security" in Galatians, Thessalonians, and Philippians /
-- James R. Harrison --
Título Colossians, Ephesians, and empire /
Mención de responsabilidad Harry O. Maier --
Título Construing and containing an imperial Paul: rhetoric and the politics of representation in the pastoral epistles /
Mención de responsabilidad Deborah Krause --
Título Resisting empire in Hebrews /
Mención de responsabilidad Jason A. Whitlark --
Título Empire in James: the crown of life /
Mención de responsabilidad Matthew Ryan Hauge --
Título Confronting Roman imperial claims: following the footsteps (and the narrative) of 1 Peter's eschatological Davidic shepher /
Mención de responsabilidad Kelly D. Liebengood --
Título Victory and visibility: revelation's imperial textures and monumental logics /
Mención de responsabilidad Davina C. Lopez.
526 ## - NOTA DE INFORMACIÓN SOBRE EL PROGRAMA DE ESTUDIO
Nombre del programa Segunda Especialidad En Profecías Bíblicas
526 ## - NOTA DE INFORMACIÓN SOBRE EL PROGRAMA DE ESTUDIO
Nombre del programa Segunda Especialidad En Nuevo Testamento
526 ## - NOTA DE INFORMACIÓN SOBRE EL PROGRAMA DE ESTUDIO
Nombre del programa Segunda Especialidad En Antiguo Testamento
526 ## - NOTA DE INFORMACIÓN SOBRE EL PROGRAMA DE ESTUDIO
Nombre del programa Segunda Especialidad En Estudios Adventistas
526 ## - NOTA DE INFORMACIÓN SOBRE EL PROGRAMA DE ESTUDIO
Nombre del programa Doctorado en teología
526 ## - NOTA DE INFORMACIÓN SOBRE EL PROGRAMA DE ESTUDIO
Nombre del programa Maestría en teología histórica
526 ## - NOTA DE INFORMACIÓN SOBRE EL PROGRAMA DE ESTUDIO
Nombre del programa Maestría en teología bíblica
526 ## - NOTA DE INFORMACIÓN SOBRE EL PROGRAMA DE ESTUDIO
Nombre del programa Maestría en teología
526 ## - NOTA DE INFORMACIÓN SOBRE EL PROGRAMA DE ESTUDIO
Nombre del programa Maestría en misionología
526 ## - NOTA DE INFORMACIÓN SOBRE EL PROGRAMA DE ESTUDIO
Nombre del programa Maestría en liderazgo eclesiástico
526 ## - NOTA DE INFORMACIÓN SOBRE EL PROGRAMA DE ESTUDIO
Nombre del programa Teología
596 ## -
-- 1
650 04 - PUNTO DE ACCESO ADICIONAL DE MATERIA--TÉRMINO DE MATERIA
Término de materia o nombre geográfico como elemento de entrada RELIGION / Estudios Bíblicos / Nuevo Testamento
Fuente del encabezamiento o término bisacsh
650 04 - PUNTO DE ACCESO ADICIONAL DE MATERIA--TÉRMINO DE MATERIA
Término de materia o nombre geográfico como elemento de entrada Roma en la Biblia.
Fuente del encabezamiento o término fast 0 (OCoLC) fst01100151
700 1# - ENTRADA AGREGADA--NOMBRE PERSONAL
Nombre de persona Winn, Adam,
Fechas asociadas al nombre 1976- ,
Término indicativo de función/relación editor.
910 ## - DATOS DE OPCIÓN DEL USUARIO (OCLC)
Datos de opción del usuario jck
-- jvq
-- jck
-- 20170110.
942 ## - ELEMENTOS DE ENTRADA SECUNDARIOS (KOHA)
Fuente del sistema de clasificación o colocación Clasificación Decimal Dewey
Tipo de ítem Koha
949 ## - PROCESAMIENTO DE INFORMACIÓN LOCAL (OCLC)
a 225.67 A5
w DEWEY
c 1
i 75512
l CATALOGING
m BUL
p 38.00
r 0
s Y
t BOOK
u 2017-01-10
x TEOLOGIA
z POSGRADO TEOLOGÍA
0 COMPRA
o .CIRCNOTE. El documento es de alto precio.
-- .STAFF. Colección Teología
999 ## - NÚMEROS DE CONTROL DE SISTEMA (KOHA)
-- LC
-- 75512
-- 2021-11-9
-- 5
-- CCODEBUL1
-- BUL
-- 38.00
-- 1
-- 0
-- Y
-- BOOK
-- 2017-1-10
-- TEOLOGIA
-- P85
-- COMPRA
-- .STAFF. Colección Teología
980 ## - EQUIVALENCIA O REFERENCIA-CRUZADA-MENCIÓN DE SERIE--NOMBRE DE PERSONA/TÍTULO [LOCAL, CANADÁ]
ID del último usuario que modificó el registro 1
Nombre del último usuario que modificó el registro ALBERTO SANCHEZ Responsable de Automatización
Existencias
Visto por última vez Número de inventario Total de préstamos Signatura topográfica completa Código de barras Copia número Coste, precio de reemplazo Fecha de reemplazo Facultad Tipo de ítem Koha Nota pública Estado de pérdida Fuente del sistema de clasificación o colocación Restricciones de uso No para préstamo Colección Programa académico Biblioteca de origen Biblioteca actual Ubicación en estantería Fecha de adquisición Fuente de adquisición Coste, precio normal de compra
2025-12-02 6   225.67 A5 75512 e1 43.00 2017-01-10   Libros físicos inventario-2023-12-13 No Perdido Clasificación Decimal Dewey No restringido Disponible para préstamos Colección General Maestría en teología Biblioteca CRAI UPeU Lima Biblioteca CRAI UPeU Lima Sala principal 2017-01-10 COMPRA 38.00